Central Library OPAC University of Rajshahi

A geology for engineers / (Record no. 53686)

MARC details
000 -LEADER
fixed length control field 00713nam a2200253 a 4500
001 - CONTROL NUMBER
control field 53686
003 - CONTROL NUMBER IDENTIFIER
rucl marc code BD-RjUL
005 - DATE AND TIME OF LATEST TRANSACTION
control field 20211209080013.0
008 - FIXED-LENGTH DATA ELEMENTS--GENERAL INFORMATION
fixed length control field 161023r19631960enk | |||| | eng d
035 ## - SYSTEM CONTROL NUMBER
System control number (BD-RjUL) 53808
040 ## - CATALOGING SOURCE
Original cataloging agency BD-RjUL
Language of cataloging eng
Transcribing agency BD-RjUL
041 ## - LANGUAGE CODE
Language code of text/sound track or separate title eng
082 ## - DEWEY DECIMAL CLASSIFICATION NUMBER
Edition number 23
Classification number 624.151
Author mark and year BLG 1963
100 1# - MAIN ENTRY--PERSONAL NAME
Personal name Blyth, F. G. H.
9 (RLIN) 160445
245 12 - TITLE STATEMENT
Title A geology for engineers /
Statement of responsibility, etc. F. G. H. Blyth.
250 ## - EDITION STATEMENT
Edition statement 4th ed.
260 ## - PUBLICATION, DISTRIBUTION, ETC. (IMPRINT)
Place of publication, distribution, etc. London :
Name of publisher, distributor, etc. Edward Arnold Ltd,
Date of publication, distribution, etc. 1960 [Reprinted 1963]
300 ## - PHYSICAL DESCRIPTION
Pagination viii, 341 p. :
Illustrations ill. ;
Size 22 cm
500 ## - GENERAL NOTE
General note Includes Index
650 ## - SUBJECT ADDED ENTRY--TOPICAL TERM
Topical term or geographic name as entry element Engineering geology
9 (RLIN) 159053
Topical term or geographic name as entry element Physical sciences
9 (RLIN) 155399
Topical term or geographic name as entry element Geology
9 (RLIN) 160446
942 ## - ADDED ENTRY ELEMENTS (KOHA)
Source of classification or shelving scheme Dewey Decimal Classification
Koha item type Books
Holdings
Lost status Source of classification or shelving scheme Damaged status Not for loan Collection code Permanent Location Current Location Shelving location Date acquired Source of acquisition Cost, normal purchase price Total Checkouts Full call number Date last seen Copy number Koha item type
  Dewey Decimal Classification     Non-fiction Central Library, University of Rajshahi Central Library, University of Rajshahi   06/04/1978 Dacca, Provencial Book Dept Ltd. 24.00   624.151 BLG 1963 23/10/2016 C-2 Books